03159nam a2200289 u 450000100070000000500170000700800410002402000150006503500110008003500210009104000130011204100080012508000070013308200080014010000320014824500430018026000490022330000530027250507380032552016500106365000180271365000230273165000120275465000280276665000320279470000430282689182420260506153854.0040927s1999 spa  a8448121066 a891824 a(OCoLC)625598754 ccomduadb aspa aBF 4a15310aBaddeley, Alan D.4auteaut10aMemoria humana : teoría y práctica aMadrid :bMcGraw-Hill Interamericana,c1999. a496 páginas :bIlustraciones a blanco y negro. aCONTENIDO : ¿Por qué necesitamos la memoria? -- Percepción y recuerdo. -- ¿Cuántas clases de memoria? Evidencias de la MCP. -- La función de la memoria en la cognición: memoria de trabajo. -- Las imágenes visuales y la agenda viso-espacial. -- La atención y el control de la memoria. -- Cuando la práctica conduce a la perfección. -- Organización y aprendizaje. -- Adquisición de hábitos. -- Cuando la memoria falla. -- Recuperación. -- Recuerdo y memoria autobiográfica. -- Conocimiento. -- ¿Y después? ¡El conexionismo cabalga de nuevo! -- Tratamiento de problemas de memoria. -- Conciencia. -- Aprendizaje implícito. -- Memoria consciente y memoria implícita. -- Referencias bibliográficas.3 aEsta nueva edición de Memoria Humana: teoría y práctica incluye todos los capítulos de la edición anterior (sin cambios en su contenido) más tres nuevos capítulos. De modo más específico, los nuevos capítulos hacen referencia a: los factores filosóficos y empíricos que influyen en el estudio de la conciencia; el conocimiento y aprendizaje implícitos; y la evidencia de la memoria implícita y su relación con la experiencia fenoménica de recordar y conocer. La obra posee tres hilos conductores paralelos: una descripción de lo que los estudios de laboratorio nos han relevado sobre la estructura y función de la memoria humana. También se explica cómo se han desarrollado y puesto a prueba las teorías, incluyendo una clara exposición de la relación entre el desarrollo teórico y los datos experimentales, y descripciones detalladas de experimentos clave. Los problemas que las personas encuentran en el mundo real, que sirven como punto de partida para el estudio de la memoria en el laboratorio. A lo largo del libro, se considera el deterioro de la memoria en pacientes con daño cerebral. Además de los trabajos con pacientes amnésicos, Memoria humana emplea datos neuropsicológicos para demostrar la importancia cotidiana de la memoria, e incluye descripciones detalladas de pacientes individuales con déficit de memoria de varias clases. Por último, se plantea la cuestión de cómo puede ayudar la psicología a los pacientes, y se utilizan historias de casos específicos para ilustrar la gama de tratamientos con diseño de caso único y de grupo aplicados actualmente. 7aMemoria2lemb 7aPercepción2lemb aAmnesia aRecuerdo (Psicología) aConexionismo (Psicología)10aEvangelista Navarro, Ginés4trletrl